Rip van Australia /

Saved in:
Bibliographic Details
Main Author: Singleton, John
Other Authors: Howard, Robert (joint author.)
Format: Book
Language:English
Published: Stanmore, N.S.W. : Cassell Australia, 1977.
Subjects:
LEADER 01141nam a2200277 i 4500
001 c000335335
003 CARM
005 00000000000000.0
008 770712s1977 at a b 00010 eng d
019 1 |a 1646821  |z 21766403  |z 22427733  |z 9413536  |z 55576558  |5 LACONCORD2021 
020 |a 0726978248 :  |c $4.95 Aust. 
035 |a (OCoLC)4837058  |5 LACONCORD2021 
100 1 |a Singleton, John. 
245 1 0 |a Rip van Australia /  |c John Singleton with Bob Howard. 
260 |a Stanmore, N.S.W. :  |b Cassell Australia,  |c 1977. 
300 |a xvi, 297 p. :  |b ill. ;  |c 22 cm. 
500 |a Libertarianism. Australia. Encyclopaedias (ANB/PRECIS SIN 0174890) 
504 |a Bibliography. 
650 0 |a Individualism  |x Dictionaries. 
610 1 0 |a Australia  |x Politics and government  |x Dictionaries. 
651 0 |a Australia  |x Social conditions  |x Dictionaries. 
700 1 |a Howard, Robert.  |e joint author. 
852 8 |b CARM  |h A1:AO09G0  |i B08082  |p 0358305  |f BK 
082 0 4 |a 320.512/0994 
999 f f |i d763da4e-20ea-59d8-807a-6ed5c430cbbf  |s b5f68b5b-7718-5002-9ecb-0077d6e10a80 
952 f f |p Can circulate  |a CAVAL  |b CAVAL  |c CAVAL  |d CARM 1 Store  |e B08082  |f A1:AO09G0  |h Other scheme  |i book  |m 0358305